000 00774 a2200217 4500
010 _aENG-90122
020 _c325.00
_a8187134070
035 _aEN-73655
037 _bDBAD / PUB
082 1 4 _a516.3
090 _c12480
_d12480
100 1 _aKar, B.K.
245 1 _aAdvanced analytical geometry and vector analysis/
_cby B.K. Kar
260 _aKolkata
_bBooks and Allied
_c2008
270 _aNo.1-E(1) "Shubham Plaza" Ist Floor, 83/1, Beliaghata Main Road,
_bKolkata
_e700010
_cKolkata
_k913365353844
_l03323582127
_mboks@cal.vsnl.net.in
300 _axvi, 925, 7p.
_c24 cm ( Pbk.)
500 _aIncludes index
700 _a.
942 _adpl
_cEN
_k516.3 / KAR
999 _c12122
_d12122